Acteurs célèbres prénommés "Jean" - Série 01 - Statistiques

Statistiques générales
  • Ce quiz a été pris 196 fois
  • Le résultat moyen est 6 sur 12
Statistiques - réponses
Titre du film Nom de l'acteur % Correct
Nikita - 1990 Reno
89%
Un éléphant ça trompe énormément - 1976 Rochefort
76%
Le gentleman d'Epsom - 1962 Gabin
72%
Un balcon sur la mer - 2010 Dujardin
66%
Le miracle des loups - 1961 Marais
63%
La septième compagnie - 1973 Lefebvre
60%
Dupont Lajoie - 1974 Carmet
57%
Le boucher - 1970 Yanne
41%
Un drôle de paroissien - 1963 Poiret
22%
Le grand pardon - 1982 Benguigui
17%
Le bossu - 1968 Piat
15%
L'aveu - 1970 Bouise
11%
Aucun quiz correspondant
Distribution des résultats
% des personnes avec chaque résultat
Percentile par nombre de réponses
Votre historique - résultats
Vous n’avez pas pris ce quiz